Estrategia de comercialización (Registro nro. 2857)

Detalles MARC
000 -LEADER
fixed length control field 01004 a2200193 4500
001 - CONTROL NUMBER
control field 38164
005 - DATE AND TIME OF LATEST TRANSACTION
control field 20260407155646.0
008 - FIXED-LENGTH DATA ELEMENTS--GENERAL INFORMATION
fixed length control field 260407a1970 arg spa d
003 - CONTROL NUMBER IDENTIFIER
control field AR-UNSa-BCEJYS
040 ## - CATALOGING SOURCE
Original cataloging agency AR-UNSa-BCEJYS
Language of cataloging spa
Transcribing agency AR-UNSa-BCEJYS
080 ## - UNIVERSAL DECIMAL CLASSIFICATION NUMBER
Universal Decimal Classification number 658.8
Common auxiliary subdivision Organización de mercados. Marketing. Ventas. Distribución
100 1# - MAIN ENTRY--PERSONAL NAME
Personal name Levy, Alberto R.
245 10 - TITLE STATEMENT
Title Estrategia de comercialización
264 #1 - PRODUCTION, PUBLICATION, DISTRIBUTION, MANUFACTURE, AND COPYRIGHT NOTICE
Place of production, publication, distribution, manufacture Buenos Aires :
Name of producer, publisher, distributor, manufacturer Ediciones Macchi
Date of production, publication, distribution, manufacture, or copyright notice 1970
300 ## - PHYSICAL DESCRIPTION
Extent 470 p
Dimensions 23 cm.
505 ## - FORMATTED CONTENTS NOTE
Formatted contents note 1. Teoría de los sistemas y de su acción - 2. Modelo general de comercialización - 3. Teoría microeconómica de la competencia perfecta - 4. Posibilidades de aplicación en nuestro medio de herramientas modernas de comercialización - 5. Objetivización - 6. Investigación - 7. La estrategia del producto - 8. La estrategia del precio - 9. La estrategia de comunicación - 10. La estrategia de logística - 11. La estrategia integrada
590 ## - LOCAL NOTE (RLIN)
Local note niveau_biblio:m niveau_hierar:0
942 ## - ADDED ENTRY ELEMENTS (KOHA)
Koha item type
Existencias
Withdrawn status Lost status Damaged status Not for loan Home library Current library Shelving location Date acquired Total checkouts Full call number Barcode Date last seen Price effective from Koha item type
        Biblioteca Prof. Eusebio Cleto del Rey Biblioteca Prof. Eusebio Cleto del Rey   07/04/2026   658.8 L668e L26848 07/04/2026 07/04/2026 Libro
        Biblioteca Prof. Eusebio Cleto del Rey Biblioteca Prof. Eusebio Cleto del Rey   07/04/2026   658.8 L668e L24010 07/04/2026 07/04/2026 Libro
        Biblioteca Prof. Eusebio Cleto del Rey Biblioteca Prof. Eusebio Cleto del Rey   07/04/2026   658.8 L668e L23766 07/04/2026 07/04/2026 Libro